000 00772nam a22001697a 4500
999 _c60786
_d60786
005 20231020172030.0
008 231020s1985 ru ||||| |||| 00| 0 rus d
041 _arus
080 _a008(37) K-90
245 _aКультура древнего Рима :
_bВ 2 т. Т. 2 /
_cОтв. ред. Е.С. Голубцова; Академия наук СССР, Институт всеобщей истории.
264 _aМосква :
_bНаука,
_c1985.
300 _a431 с. :
_bил. ;
_c 22 см.
653 _a რომაული კულტურა
653 _aრომაული ხელოვნება
700 _aГолубцова, Е.С.,
_eპასუხისმგებელი რედაქტორი
_920171
942 _2udc
_cBK